| 000 -LEADER |
| fixed length control field |
01531cam a2200349 a 4500 |
| 001 - CONTROL NUMBER |
| control field |
2506327 |
| 005 - DATE AND TIME OF LATEST TRANSACTION |
| control field |
20170127095429.0 |
| 008 - FIXED-LENGTH DATA ELEMENTS--GENERAL INFORMATION |
| fixed length control field |
921202s1993 nyu j b 001 0 eng |
| 010 ## - LIBRARY OF CONGRESS CONTROL NUMBER |
| LC control number |
92043581 |
| 020 ## - INTERNATIONAL STANDARD BOOK NUMBER |
| International Standard Book Number |
0027828859 |
| 050 00 - LIBRARY OF CONGRESS CALL NUMBER |
| Classification number |
HV904 .S58 1993 |
| 100 1# - MAIN ENTRY--PERSONAL NAME |
| Personal name |
Sirof, Harriet. |
| 245 14 - TITLE STATEMENT |
| Title |
The road back : |
| Remainder of title |
living with a physical disability / |
| Statement of responsibility, etc. |
by Harriet Sirof. |
| 250 ## - EDITION STATEMENT |
| Edition statement |
1st ed. |
| 260 ## - PUBLICATION, DISTRIBUTION, ETC. (IMPRINT) |
| Place of publication, distribution, etc. |
New York : |
| Name of publisher, distributor, etc. |
New Discovery Books ; |
| Place of publication, distribution, etc. |
Toronto : |
| Name of publisher, distributor, etc. |
Maxwell Macmillan Canada ; |
| Place of publication, distribution, etc. |
New York : |
| Name of publisher, distributor, etc. |
Maxwell Macmillan International, |
| Date of publication, distribution, etc. |
c1993. |
| 300 ## - PHYSICAL DESCRIPTION |
| Extent |
160 p. ; |
| Dimensions |
24 cm. |
| 490 1# - SERIES STATEMENT |
| Series statement |
An Open door book |
| 504 ## - BIBLIOGRAPHY, ETC. NOTE |
| Bibliography, etc |
Includes bibliographical references and index. |
| 520 ## - SUMMARY, ETC. |
| Summary, etc. |
Examines the various ways in which young people cope with sudden physical disabilities and learn to live again after serious injuries or illnesses. |
| 650 #0 - SUBJECT ADDED ENTRY--TOPICAL TERM |
| Topical term or geographic name as entry element |
Youth with disabilities |
| Geographic subdivision |
United States |
| General subdivision |
Psychology |
| Form subdivision |
Juvenile literature. |
| 650 #0 - SUBJECT ADDED ENTRY--TOPICAL TERM |
| Topical term or geographic name as entry element |
Youth with disabilities |
| Geographic subdivision |
United States |
| Form subdivision |
Juvenile literature. |
| 650 #1 - SUBJECT ADDED ENTRY--TOPICAL TERM |
| Topical term or geographic name as entry element |
People with disabilities. |
| 830 #0 - SERIES ADDED ENTRY--UNIFORM TITLE |
| Uniform title |
Open door book (New York, N.Y.) |
| 942 ## - ADDED ENTRY ELEMENTS (KOHA) |
| Source of classification or shelving scheme |
|
| Koha item type |
Hard Covered Materials |